La rehabilitación del parapléjico (Record no. 126004)
[ view plain ]
| 000 -LEADER | |
|---|---|
| campo de control de longitud fija | 01018nam a2200229 4500 |
| 001 - NÚMERO DE CONTROL | |
| campo de control | 126004 |
| 003 - IDENTIFICADOR DE NÚMERO DE CONTROL | |
| campo de control | ES-MaACL |
| 005 - FECHA Y HORA DE LA ÚLTIMA TRANSACCIÓN | |
| campo de control | 20230906192732.0 |
| 007 - CAMPO FIJO DE DESCRIPCIÓN FÍSICA--INFORMACIÓN GENERAL | |
| campo de control de longitud fija | t| |
| 008 - DATOS DE LONGITUD FIJA--INFORMACIÓN GENERAL | |
| campo de control de longitud fija | 070214s1970 sp r ||||1| spa d |
| 111 2# - ENTRADA PRINCIPAL--NOMBRE DE CONGRESO/REUNIÓN | |
| Nombre de congreso/reunión o jurisdicción como elemento de entrada | Curso-Simposio sobre la Rehabilitacion del Paraplejico ( |
| Sede del congreso/Lugar de la reunión | Madrid ( |
| Fecha del congreso o de la firma del tratado | 1969) |
| 9 (RLIN) | 135130 |
| 245 13 - MENCIÓN DEL TÍTULO | |
| Título | La rehabilitación del parapléjico |
| Resto del título | : curso-symposium / |
| Mención de responsabilidad, etc. | Centro de Traumatología y Rehabilitación ; director, Dr. López de la Garma. |
| 260 ## - PUBLICACIÓN, DISTRIBUCIÓN, ETC. | |
| Lugar de publicación, distribución, etc. | Madrid : |
| Nombre del editor, distribuidor, etc. | Ciudad Sanitaria `La Paz` : |
| -- | Ministerio de Trabajo, Instituto Nacional de Previsión, |
| Fecha de publicación, distribución, etc. | 1970. |
| 300 ## - DESCRIPCIÓN FÍSICA | |
| Extensión | 267 p. ; |
| Dimensiones | 24 cm. |
| 490 1# - MENCIÓN DE SERIE | |
| Mención de serie | Monografías médicas de la Seguridad Social |
| 700 1# - ENTRADA AGREGADA--NOMBRE PERSONAL | |
| Nombre de persona | López de la Garma, Francisco. |
| 9 (RLIN) | 73552 |
| 710 2# - ENTRADA AGREGADA--NOMBRE DE ENTIDAD CORPORATIVA | |
| Nombre de entidad corporativa o nombre de jurisdicción como elemento de entrada | Ciudad Sanitaria La Paz. |
| Unidad subordinada | Centro de Rehabilitación y Traumatología. |
| 9 (RLIN) | 2847 |
| 710 00 - ENTRADA AGREGADA--NOMBRE DE ENTIDAD CORPORATIVA | |
| Nombre de entidad corporativa o nombre de jurisdicción como elemento de entrada | Instituto Nacional de Previsión (España) |
| 9 (RLIN) | 5180 |
| 830 0# - PUNTO DE ACCESO ADICIONAL DE SERIE-TÍTULO UNIFORME | |
| Título uniforme | Monografías médicas de la Seguridad Social |
| 9 (RLIN) | 219088 |
| 852 ## - LOCALIZACIÓN | |
| Ubicación | ES-MaACL |
| Número de control de estantería | C-37964 |
| Sublocalización o colección | R.72669 |
| Estatus retirado | Estado de pérdida | Estado de daño | No para préstamo | Biblioteca de origen | Biblioteca actual | Ubicación en estantería | Fecha de adquisición | Fuente de adquisición | Total de préstamos | Signatura topográfica completa | Código de barras | Visto por última vez | Precio de reemplazo | Tipo de ítem Koha |
|---|---|---|---|---|---|---|---|---|---|---|---|---|---|---|
| Biblioteca del Ateneo de Madrid | Biblioteca del Ateneo de Madrid | Depósito 2 | 17/01/2008 | C-37964 | 1131251 | 23/02/2023 | 23/02/2023 | Libro impreso |
